[Event "AUTO-OPEN-4640"]
[Site "http://www.queenalice.com/game.php?id=1869659"]
[Date "2026.2.22"]
[Round "1"]
[White "EdsonEstevam"]
[Black "Fauquinelle"]
[Result "1-0"]
[WhiteElo "1786"]
[BlackElo "2089"]

1. e4 c6 2. d4 d5 3. Nc3 dxe4 4. Nxe4 Bf5 5. Bd3 Bg6 6. Ng3 Bxd3 7. Qxd3 e6 8.
Nf3 Nd7 9. Be3 Bd6 10. Ne4 Bc7 11. h3 Ngf6 12. Bg5 h6 13. Bxf6 Nxf6 14. O-O Nd5
15. c3 Qe7 16. Qc4 f5 17. Nc5 O-O-O 18. Rfe1 Rd6 19. Qa4 Kb8 20. Ne5 Nb6 21. Qb4
Rd5 22. a4 Bd6 23. a5 Bxc5 24. dxc5 Qxc5 25. Qxc5 Rxc5 26. axb6 axb6 27. Nd7+
1-0

[Event "AUTO-OPEN-4640"]
[Site "http://www.queenalice.com/game.php?id=1869660"]
[Date "2026.2.22"]
[Round "1"]
[White "Fauquinelle"]
[Black "EdsonEstevam"]
[Result "1-0"]
[WhiteElo "2093"]
[BlackElo "1783"]

1. d4 d5 2. c4 Nf6 3. Bg5 c6 4. Bxf6 exf6 5. e3 Bb4+ 6. Nc3 Bxc3+ 7. bxc3 O-O 8.
Qb3 b6 9. cxd5 cxd5 10. Nf3 h6 11. Bd3 Bg4 12. Nd2 f5 13. h3 Bh5 14. Bxf5 Nc6
15. Nf3 Na5 16. Qa4 Bxf3 17. gxf3 Qg5 18. Bd3 Qg2 19. Ke2 Qg5 20. h4 Qf6 21.
Rag1 Rac8 22. Rc1 g6 23. h5 g5 24. Rhg1 Qd6 25. Bb1 Ra8 26. Qc2 f5 27. f4 g4 28.
f3 Rf7 29. fxg4 Kf8 30. gxf5 Ke7 31. Rg6 Rf6 32. Rcg1 Raf8 33. Kf3 Kf7 34. Rg7+
Ke8 35. e4 Nc4 36. Qa4+ Kd8 37. Qxa7 Ke8 38. Rc7 Qd8 39. Qa4+ 1-0

[Event "AUTO-MASTER-3297"]
[Site "http://www.queenalice.com/game.php?id=1869760"]
[Date "2026.2.25"]
[Round "1"]
[White "chessman"]
[Black "Fauquinelle"]
[Result "0-1"]
[WhiteElo "2047"]
[BlackElo "2097"]

1. e4 c6 2. d4 d5 3. Nc3 dxe4 4. Nxe4 Bf5 5. Ng3 Bg6 6. Nf3 Nd7 7. Bd3 Bxd3 8.
Qxd3 Ngf6 9. O-O e6 10. Re1 Qc7 11. Nf5 O-O-O 12. Ne3 Nb6 13. c3 h6 14. a4 Nbd5
15. Bd2 Bd6 16. c4 Nxe3 17. Bxe3 Ng4 18. Qe4 Bxh2+ 19. Kh1 Nf6 20. Qc2 Bf4 21.
b4 Bxe3 22. fxe3 Ng4 23. b5 h5 24. Qe2 Qg3 25. Kg1 h4 26. bxc6 h3 27. cxb7+ Kb8
28. c5 h2+ 0-1

[Event "AUTO-MASTER-3297"]
[Site "http://www.queenalice.com/game.php?id=1869761"]
[Date "2026.2.25"]
[Round "1"]
[White "Fauquinelle"]
[Black "chessman"]
[Result "0-1"]
[WhiteElo "2109"]
[BlackElo "2045"]

1. d4 d5 2. c4 c6 3. Nf3 Nf6 4. Nc3 e6 5. Bg5 Be7 6. e3 O-O 7. Rc1 a6 8. a4 Nbd7
9. c5 Re8 10. b4 Nf8 11. Bd3 h6 12. Bh4 N6d7 13. Bg3 Bf6 14. Ne5 Bxe5 15. dxe5
a5 16. f4 axb4 17. Ne2 Qa5 18. O-O Nxc5 19. Rxc5 Qxc5 20. Bf2 Qa5 21. Bc2 c5 22.
Be1 c4 23. Nd4 Bd7 24. Qb1 c3 25. Nb3 Qxa4 26. Nc5 Qb5 27. Nxd7 Qxd7 28. Qxb4
Rec8 29. e4 d4 30. Qb1 b5 31. Bf2 Rab8 32. Rd1 b4 33. Qb3 Rd8 34. f5 Qa7 35. Rd3
Qa1+ 36. Rd1 Qxd1+ 37. Bxd1 d3 38. Bh4 Rd7 39. fxe6 Nxe6 40. Bf2 Ra8 0-1

[Event "AUTO-MASTER-3297"]
[Site "http://www.queenalice.com/game.php?id=1869772"]
[Date "2026.2.25"]
[Round "1"]
[White "Fredo"]
[Black "Fauquinelle"]
[Result "1-0"]
[WhiteElo "2075"]
[BlackElo "2085"]

1. e4 e5 2. Nc3 Nf6 3. f4 d6 4. Nf3 Bg4 5. Bc4 Qe7 6. d3 Nc6 7. a3 O-O-O 8. O-O
h6 9. Be3 exf4 10. Bxf4 g5 11. Be3 Ne5 12. Bb3 a6 13. Nd5 Nxd5 14. Bxd5 Bg7 15.
d4 Nc4 16. Bxc4 f5 17. Qe1 fxe4 18. Nd2 d5 19. Be2 Be6 20. Rc1 Kb8 21. Nb3 Rdf8
22. Qa5 Bc8 23. Rxf8 Bxf8 24. Qxd5 Bd7 25. Qe5 Rh7 26. Qxe7 Bxe7 27. c4 c6 28.
Nc5 Bf5 29. h3 Ka7 30. b4 b6 31. Nb3 Bg6 32. d5 cxd5 33. cxd5 Kb7 34. Bf2 Bd8
35. Nd4 Rc7 36. Rxc7+ Bxc7 37. Ne6 Bf7 38. Bc4 b5 39. Bb3 Be5 40. Bd4 Bxd4+ 41.
Nxd4 Kc7 42. Kf2 1-0

[Event "AUTO-MASTER-3297"]
[Site "http://www.queenalice.com/game.php?id=1869773"]
[Date "2026.2.25"]
[Round "1"]
[White "Fauquinelle"]
[Black "Fredo"]
[Result "1-0"]
[WhiteElo "2130"]
[BlackElo "2079"]

1. d4 Nf6 2. Nf3 g6 3. Nc3 d5 4. Bg5 Ne4 5. Nxe4 dxe4 6. Nd2 f6 7. Be3 f5 8. f3
exf3 9. Nxf3 Bg7 10. c3 c5 11. dxc5 Qc7 12. Qb3 Nc6 13. Ng5 e5 14. Ne6 Bxe6 15.
Qxe6+ Qe7 16. Qxe7+ Kxe7 17. Bg5+ Ke6 18. e4 h6 19. Bc4+ Kd7 20. O-O-O+ Kc7 21.
Bh4 g5 22. Be6 Rhd8 23. Bf2 f4 24. b4 Rxd1+ 25. Rxd1 Rd8 26. b5 Ne7 27. b6+ 1-0

[Event "AUTO-MASTER-3297"]
[Site "http://www.queenalice.com/game.php?id=1869778"]
[Date "2026.2.25"]
[Round "1"]
[White "BeatifulDevil56"]
[Black "Fauquinelle"]
[Result "0-1"]
[WhiteElo "2234"]
[BlackElo "2105"]

1. a4 d5 2. d4 Bf5 3. Bf4 Nc6 4. e3 Nf6 5. Bd3 Ne4 6. f3 Nd6 7. Bxd6 Bxd3 8.
Bxe7 Bxe7 9. Qxd3 Nb4 10. Qe2 O-O 11. c3 Nc6 12. Qb5 Rb8 13. Ne2 a6 14. Qd3 Re8
15. O-O Na5 16. e4 Nc4 17. b3 Nb6 18. a5 dxe4 19. fxe4 c5 20. axb6 Qxb6 21. Nd2
cxd4 22. Qxd4 Bc5 0-1

[Event "AUTO-MASTER-3297"]
[Site "http://www.queenalice.com/game.php?id=1869779"]
[Date "2026.2.25"]
[Round "1"]
[White "Fauquinelle"]
[Black "BeatifulDevil56"]
[Result "0-1"]
[WhiteElo "2114"]
[BlackElo "2216"]

1. d4 d5 2. c4 e6 3. Nf3 c6 4. e3 c5 5. cxd5 exd5 6. Bb5+ Nc6 7. O-O Nf6 8. Nc3
Bd6 9. Ne5 O-O 10. Nxc6 bxc6 11. Bxc6 Rb8 12. f3 Bxh2+ 13. Kxh2 Qd6+ 14. Kg1
Qxc6 15. dxc5 Qxc5 16. Kf2 Ba6 17. Na4 Qe7 18. Qd4 Rb4 19. Qd1 Bxf1 20. Kxf1 Rh4
21. Kf2 d4 22. e4 Nxe4+ 23. fxe4 Rxe4 24. Bd2 Re8 0-1

[Event "Challenge"]
[Site "http://www.queenalice.com/game.php?id=1870041"]
[Date "2026.3.3"]
[Round "-"]
[White "Fauquinelle"]
[Black "jogo"]
[Result "1-0"]
[WhiteElo "2085"]
[BlackElo "1694"]

1. d4 d5 2. c4 e6 3. Nc3 Bb4 4. Nf3 Bxc3+ 5. bxc3 h6 6. Ba3 c6 7. e3 Ne7 8. cxd5
exd5 9. Bd3 O-O 10. Ne5 f6 11. Ng6 Nxg6 12. Bxg6 Be6 13. Bxf8 Qxf8 14. h4 Bf7
15. h5 Qe8 16. Qd3 1-0

[Event "Challenge"]
[Site "http://www.queenalice.com/game.php?id=1870042"]
[Date "2026.3.3"]
[Round "-"]
[White "jogo"]
[Black "Fauquinelle"]
[Result "0-1"]
[WhiteElo "1731"]
[BlackElo "2140"]

1. e4 c5 2. Nf3 d6 3. d4 cxd4 4. Nxd4 Nf6 5. Nc3 a6 6. Bg5 e6 7. f4 Be7 8. Qf3
Qc7 9. O-O-O Nbd7 10. g4 b5 11. Bxf6 Nxf6 12. g5 Nd7 13. h4 Bb7 0-1

[Event "Challenge"]
[Site "http://www.queenalice.com/game.php?id=1870163"]
[Date "2026.3.7"]
[Round "-"]
[White "Fauquinelle"]
[Black "jogo"]
[Result "1-0"]
[WhiteElo "2087"]
[BlackElo "1692"]

1. e4 c5 2. Nc3 a6 3. g3 Nc6 4. Bg2 e6 5. Nge2 Nf6 6. O-O d5 7. exd5 exd5 8. d4
cxd4 9. Nxd4 Nxd4 10. Qxd4 Be6 11. Re1 Be7 12. Bf4 O-O 13. Rad1 Rc8 14. Re2 Bc5
15. Qd2 1-0

[Event "AUTO-MASTER-3298"]
[Site "http://www.queenalice.com/game.php?id=1870367"]
[Date "2026.3.12"]
[Round "1"]
[White "Fauquinelle"]
[Black "Capixaba789"]
[Result "1-0"]
[WhiteElo "2125"]
[BlackElo "1902"]

1. d4 Nf6 2. g3 e6 3. c4 d5 4. Bg2 Bb4+ 5. Bd2 Bxd2+ 6. Qxd2 c6 7. cxd5 exd5 8.
Nf3 O-O 9. O-O Ne4 10. Qb4 b5 11. a4 a5 12. Qb3 b4 13. Qc2 Bg4 14. Ne5 Be6 15.
Nd2 Nxd2 16. Qxd2 Nd7 17. Nxc6 Qe8 18. Rfc1 Nb6 19. Rc5 Nc4 20. Qc2 Ra6 21. Ne5
g6 22. b3 Nxe5 23. dxe5 Qe7 24. Rc7 Qg5 25. f4 Qd8 26. Rc1 Bf5 27. Qc5 Ra8 28.
Bxd5 1-0

[Event "AUTO-MASTER-3298"]
[Site "http://www.queenalice.com/game.php?id=1870368"]
[Date "2026.3.12"]
[Round "1"]
[White "Capixaba789"]
[Black "Fauquinelle"]
[Result "1/2-1/2"]
[WhiteElo "1907"]
[BlackElo "2120"]

1. d4 d5 2. Nc3 c6 3. f4 Bf5 4. Nf3 Nf6 5. e3 e6 6. Bd3 Ne4 7. Bd2 Nd7 8. O-O c5
9. Ne5 cxd4 10. exd4 f6 11. Ng4 Qb6 12. Nxe4 dxe4 13. Bc4 Qxd4+ 14. Ne3 Bg4 15.
Qxg4 f5 16. Qg3 Bc5 17. Bxe6 O-O-O 18. Rad1 g6 19. Kh1 Qf6 20. Bxd7+ Rxd7 21.
Bc3 Bd4 22. Bxd4 Rxd4 23. Rxd4 Qxd4 24. c3 Qb6 25. Nd5 Qxb2 26. a4 Qb3 27. Ne7+
Kb8 28. Qg5 Qxc3 29. Nd5 Qc6 30. Ne7 Qxa4 31. Qf6 Re8 32. Rb1 Ka8 33. Nd5 Qc6
34. Qf7 Rc8 35. h3 h6 36. Nb4 Qb6 37. Qb3 e3 38. Re1 Re8 39. Qf7 Rd8 40. Nc2 e2
41. Rxe2 Qb1+ 42. Kh2 Qb6 43. Re8 Kb8 44. Rxd8+ Qxd8 45. Qxg6 Qd3 46. Qe8+ Kc7
47. Qe7+ Kc8 48. Qe6+ Kc7 49. Qf7+ Kc8 50. Qe8+ Kc7 51. Qe7+ Kc8 52. Qe8+ Kc7
1/2-1/2

[Event "AUTO-OPEN-4643"]
[Site "http://www.queenalice.com/game.php?id=1870504"]
[Date "2026.3.13"]
[Round "1"]
[White "Fauquinelle"]
[Black "mvson33"]
[Result "1-0"]
[WhiteElo "2030"]
[BlackElo "1781"]

1. d4 Nf6 2. c4 d5 3. Nc3 dxc4 4. e4 b6 5. Bxc4 Bb7 6. f3 e6 7. Bg5 Be7 8. Nge2
O-O 9. O-O c5 10. Be3 cxd4 11. Bxd4 Nc6 12. Bf2 Qxd1 13. Rfxd1 Rad8 14. a3 Rxd1+
15. Rxd1 Rd8 16. Rxd8+ Bxd8 17. Nf4 Bc7 18. Nd3 Na5 19. Ba2 Kf8 20. Nb5 Bd8 21.
Nxa7 Bc7 22. Nb5 Bd8 23. b4 Nc6 24. Bc4 Ba6 25. Nd6 Bxc4 26. Nxc4 Bc7 27. g4 h6
28. Nxb6 Ke7 29. Bc5+ Kd8 30. h4 Nd7 31. Nxd7 Kxd7 32. h5 Ne5 33. Nxe5+ Bxe5 34.
a4 Kc6 35. Kf2 Bc3 36. Ke3 Be5 37. f4 Bc7 38. e5 Kb7 39. Ke4 Kc6 40. Bf8 1-0

[Event "AUTO-OPEN-4643"]
[Site "http://www.queenalice.com/game.php?id=1870505"]
[Date "2026.3.13"]
[Round "1"]
[White "mvson33"]
[Black "Fauquinelle"]
[Result "0-1"]
[WhiteElo "1795"]
[BlackElo "2040"]

1. d4 d5 2. Nf3 Bf5 3. a3 Nc6 4. e3 Qd6 5. Be2 e5 6. dxe5 Nxe5 7. Nbd2 Rd8 8.
O-O Be7 9. Nxe5 Qxe5 10. Nf3 Qd6 11. Bd2 Nf6 12. Bd3 Bxd3 13. cxd3 c5 14. Rc1
O-O 15. d4 Qb6 16. dxc5 Bxc5 17. Qc2 Bd6 18. Nd4 Rd7 19. Bc3 Rc8 20. Qb1 Ne4 21.
Nf3 Nxc3 22. Rxc3 Rxc3 23. bxc3 Qxb1 24. Rxb1 Bxa3 25. g3 f6 26. Nd4 a6 27. Rb3
Bc5 28. Kf1 Kf7 29. Rb1 Bxd4 30. exd4 Rc7 31. Rc1 Ke7 32. Ke2 b5 33. Ra1 Rc6 34.
Kd3 g5 35. Kd2 h5 36. Re1+ Kd7 37. Ra1 Re6 38. Ra2 Kc7 39. Kd3 Kb6 40. Rb2 a5
41. Ra2 a4 42. Kd2 Ka5 43. Ra1 f5 44. Kd1 f4 45. gxf4 gxf4 46. Kd2 f3 47. Kd1
Re2 0-1

[Event "AUTO-MASTER-3299"]
[Site "http://www.queenalice.com/game.php?id=1871003"]
[Date "2026.3.25"]
[Round "1"]
[White "josebaron"]
[Black "Fauquinelle"]
[Result "1-0"]
[WhiteElo "2201"]
[BlackElo "2094"]

1. e4 c6 2. Nf3 d5 3. exd5 cxd5 4. d4 Nc6 5. Bb5 Qa5+ 6. Nc3 e6 7. Ne5 Ne7 8.
Qf3 f6 9. Qh5+ Kd8 10. Nf7+ Kc7 11. Bxc6 Nxc6 12. Nxh8 Bd7 13. O-O Be8 14. Qxh7
Nxd4 15. Qd3 Bc5 16. Ng6 e5 17. Nxd5+ Kd7 18. b4 Bxb4 19. Nxb4 Bxg6 20. Qxg6
Qxb4 21. Qxg7+ Qe7 22. Qxe7+ Kxe7 23. Ba3+ Ke6 24. Rac1 1-0

[Event "AUTO-MASTER-3299"]
[Site "http://www.queenalice.com/game.php?id=1871004"]
[Date "2026.3.25"]
[Round "1"]
[White "Fauquinelle"]
[Black "josebaron"]
[Result "1/2-1/2"]
[WhiteElo "2089"]
[BlackElo "2213"]

1. c4 e5 2. g3 Nf6 3. Bg2 Bc5 4. Nc3 O-O 5. e3 d6 6. Nge2 c6 7. O-O Bg4 8. h3
Bxe2 9. Qxe2 Nbd7 10. a3 a5 11. Rd1 Re8 12. Ne4 Nxe4 13. Bxe4 Nf6 14. Bc2 e4 15.
d4 exd3 16. Qxd3 Qc8 1/2-1/2